000
00289nam a2200109Ia 4500
008
200302s9999 xx 000 0 und d
100
_a
Erin Caraher and others
245
_a
Leading collaborative architectura practice
260
_b
John Willey and Sons Inc.
260
_c
2017
300
_a
320
999
_c
6765
_d
6765